Veľtrhy a výstavy v máji 1996

Kalendár obchodných podujatí. Prehľad prezentačných a kontraktačných podujatí na Slovensku a vo svete v máji 1996. Základné údaje (dátum, miesto, názov a zameranie).

Gespeichert in:
Bibliographische Detailangaben
Format: Buchkapitel
Sprache:Slowakisch
Schlagworte:
Tags: Tag hinzufügen
Keine Tags, Fügen Sie das erste Tag hinzu!

MARC

LEADER 00000naa a2200000 4500
001 r021172
005 20230801104655.9
041 0 |a slo 
044 |a SK 
245 1 0 |a Veľtrhy a výstavy v máji 1996 
520 |a Kalendár obchodných podujatí. Prehľad prezentačných a kontraktačných podujatí na Slovensku a vo svete v máji 1996. Základné údaje (dátum, miesto, názov a zameranie). 
610 2 0 |a svet 
610 2 0 |a Slovensko 
610 2 0 |a máj 
610 2 0 |a 1996 
610 2 0 |a výstavy 
610 2 0 |a veľtrhy